000 00313nam a2200133Ia 4500
008 191206s9999 xx 000 0 und d
020 _a067976657X
090 _aPS3559A5815K75
245 0 _aKrik? Krak!
260 _aVintage Books
260 _ccc1996
300 _a224 p. ; 21 cm.
999 _c16317
_d16317